| 000 | 01102nam2a22002531 4500 | ||
|---|---|---|---|
| 001 | rc\4746659 | ||
| 005 | 20260406095643.0 | ||
| 035 | _a(NLR Aleph) 008998177 | ||
| 090 |
_a9289961 _c9289961 |
||
| 100 | _a20130417d1958 u y0rusy50 ca | ||
| 101 | 0 | _arus | |
| 102 | _aRU | ||
| 105 | _ay z ||||| | ||
| 200 | 1 | _aГлавнейшие вредители и болезни виноградной лозы | |
| 210 |
_aСимферополь] _cКрымиздат _d1958 |
||
| 461 | 0 |
_1001rc\4746644 _12001#$aБиблиотечка крымского виноградаря$v[15] _99289870 _cСимферополь] _d1958 _e[2-е изд., перераб. и доп.]. [1-19 _nКрымиздат _p19 бр. в обл.-папке _tБиблиотечка крымского виноградаря _v[15] |
|
| 700 | 1 |
_aЗасс _bЕ. К. |
|
| 701 | 1 |
_7ca _8rus _aНиколаев _bП. И. _cканд. биол. наук _gПетр Иванович _3RU\NLR\AUTH\770288061 _92690980 |
|
| 801 | 0 |
_aRU _bNLR _gpsbo |
|
| 801 | 1 |
_aRU _bELAR _2rusmarc |
|
| 852 |
_aNLR _j58-2/1146 |
||
| 942 | _cBOOK | ||
| 980 | _aNB | ||